Statistics for Answers Contain "Demon"

Click here to take the quiz!

General Stats

  • This quiz has been taken 35 times
  • The average score is 6 of 13

Answer Stats

HintAnswer% Correct
Sweeney Todd (subtitle)The Demon Barber of Fleet Street
88%
2000 Dan Brown novelAngels & Demons
77%
1873 Fyodor Dostoevsky novelDemons
69%
Noun denoting the inhabitants of a particular placedemonym
62%
1989 Michael Jackson song, Marvel villain, or one who goes fastSpeed Demon
62%
Stripping a currency of its status, or a punishment on YouTubedemonetization
54%
Words like this, that, these, and thosedemonstrative
54%
2005 Gorillaz albumDemon Days
31%
Japanese manga series by Koyoharu GotougeDemon Slayer
31%
Nickname of Aerosmith's Steven TylerDemon of Screamin'
27%
1995 Tales from the Crypt movieDemon {Knight}
23%
Spherical, one-eyed enemy in Doomcacodemon
15%
In philosophy, a hypothetical all-predicting intellect{Laplace}'s demon
15%

Score Distribution

Percentile by Number Answered

Percent of People with Each Score

Your Score History

You have not taken this quiz